[Event "CB Experts 2014"]
[Site "Charleroi"]
[Date "2014.07.05"]
[Round "1.1"]
[White "Geirnaert, Steven"]
[Black "Sadikhov, Ulvi"]
[Result "1-0"]
[LiveChessVersion "1.4.3"]
[BlackElo "2335"]
[WhiteElo "2419"]

1. d4  d6  2. e4  Nf6
 3. Nc3  e5  4. Nf3
 Nbd7  5. Bc4  Be7
 6. O-O  O-O  7. Re1
 c6  8. a4  a5 
9. h3  Nb6  10. Bf1  Nfd7
 11. b3  exd4  12. Nxd4
 Nc5  13. Ba3  Re8
 14. Qh5  g6  15. Qf3
 Bf8  16. Rad1  Qg5
 17. Bc1  Qe7  18. Qg3
 Bg7  19. Bg5  Qf8
 20. Bf4  Rd8  21. Nde2
 Qe8  22. Bxd6  Na6
 23. e5  Be6  24. Nd4
 Nc8  25. Nxe6  Qxe6
 26. Bc4  Qf5  27. e6
 Nxd6  28. Rxd6  Rf8
 29. exf7+  Kh8  30. Rd2
 Nb4  31. Rde2  Bd4
 32. Ne4  Be5  33. Qh4
 Bg7  34. Ng5  h6
 35. Re8  1-0

[Event "CB Experts 2014"]
[Site "Charleroi"]
[Date "2014.07.05"]
[Round "1.2"]
[White "Soors, Stef"]
[Black "Beukema, Stefan"]
[Result "1-0"]
[LiveChessVersion "1.4.3"]
[BlackElo "2305"]
[WhiteElo "2391"]

1. e4  e5  2. Nf3  Nc6
 3. Nc3  Nf6  4. d4
 exd4  5. Nxd4  Bb4
 6. Nxc6  bxc6  7. Bd3
 d5  8. exd5  cxd5
 9. O-O  O-O  10. h3
 Rb8  11. Qf3  c6
 12. Bf4  Bd6  13. b3
 Rb4  14. Bxd6  Qxd6
 15. Qg3  Qd8  16. Rfe1
 Nh5  17. Qe5  Nf4
 18. Qe7  Qa5 19. Bxh7+  Kxh7
 20. Qxf8  Be6  21. Qd6
 Rd4  22. Re3  Ng6
 23. Qxc6  Rd2  24. Qb5
 Qc7  25. Rd3  a6
 26. Qb4  Rxd3 27. cxd3  Nf4
 28. Re1  Nxd3  29. Qh4+
 Kg8  30. Nxd5  Qa5
 31. Ne7+  Kf8  32. Ng6+
 fxg6  33. Rxe6  Qb5
 34. Qd8+  Kf7  35. Re7+
 Kf6  36. Rb7+  1-0

[Event "CB Experts 2014"]
[Site "Charleroi"]
[Date "2014.07.05"]
[Round "1.3"]
[White "Hovhannisyan, Mher"]
[Black "Ringoir, Tanguy"]
[Result "1/2-1/2"]
[LiveChessVersion "1.4.3"]
[BlackElo "2506"]
[WhiteElo "2513"]

1. d4 d5 2. c4 c6 3. cxd5 cxd5 4. Nc3 Nf6 5. Bf4 Nc6 6. e3 Bf5 7. Bd3 Bxd3 8.
Qxd3 e6 9. Nf3 Bd6 10. Bg5 h6 11. Bh4 Be7 12. O-O O-O 13. Rfc1 Nd7 14. Bg3 Nb6
15. Nb5 Qd7 16. Qe2 Rac8 17. h3 a6 18. Nc3 Bd6 19. Bxd6 Qxd6 20. Ne1 Rc7 21. Nb1
1/2-1/2

[Event "CB Experts 2014"]
[Site "Charleroi"]
[Date "2014.07.05"]
[Round "1.4"]
[White "Le Quang, Kim"]
[Black "Van Der Stricht, Geert"]
[Result "0-1"]
[LiveChessVersion "1.4.3"]
[BlackElo "2350"]
[WhiteElo "2288"]

1. e4  c5  2. Nf3  d6
 3. d4  cxd4  4. Nxd4
 Nf6  5. Nc3  a6 
6. Be3  e5  7. Nf3  Be7
 8. Bc4  O-O  9. O-O
 Nc6  10. Qe2  Na5
 11. Bd3  b5  12. b4
 Nc4  13. Bxc4  bxc4
 14. Qxc4  Bb7 15. Qd3  Rc8
 16. Rab1  Qc7  17. Rb3
 Rfd8  18. Bg5  d5
 19. Bxf6  dxe4  20. Qe3
 Bxf6  21. Nd2  Be7
 22. Ndxe4  Rd4  23. Nc5
 Ba8  24. N3a4  a5
 25. a3  axb4  26. axb4
 Rcd8  27. f3  Bd5
 28. Rc3  Qa7  29. Kh1
 Rxb4  30. Rd3  Bf6
 31. Rfd1  Rd4  32. c3
 Rxd3  33. Rxd3  h6
 34. Ne4  Qxa4  0-1

[Event "CB Experts 2014"]
[Site "Charleroi"]
[Date "2014.07.05"]
[Round "1.5"]
[White "Dgebuadze, Alexandre"]
[Black "Malakhatko, Vadim"]
[Result "1/2-1/2"]
[LiveChessVersion "1.4.3"]
[BlackElo "2560"]
[WhiteElo "2487"]

1. e4  e6  2. d4  d5
 3. exd5  exd5  4. Nf3
 Nf6  5. Bd3  Bg4
 6. O-O  Be7  7. Nbd2
 Nbd7  8. Re1  O-O
 9. h3  Bh5  10. Nf1
 Bd6  11. Bg5  c6
 12. Ne3  Re8  13. Nf5
 Qc7  14. Rxe8+  Rxe8
 15. Bxf6  Nxf6  16. g4
 Bg6  17. Nxd6  Qxd6
 18. Bxg6  hxg6  19. Qd3
 Nd7  20. Qd2  f6
 21. Re1  Rxe1+  22. Nxe1
 Kf7  1/2-1/2

[Event "CB Experts 2014"]
[Site "Charleroi"]
[Date "2014.07.06"]
[Round "2.1"]
[White "Sadikhov, Ulvi"]
[Black "Malakhatko, Vadim"]
[Result "0-1"]
[LiveChessVersion "1.4.3"]
[BlackElo "2560"]
[WhiteElo "2335"]

1. e4  e6  2. d4  d5
 3. Nc3  Nf6  4. Bg5
 dxe4  5. Nxe4  Nbd7
 6. Nf3  h6  7. Bxf6
 Nxf6  8. Bd3  Nxe4
 9. Bxe4  c5  10. O-O
 cxd4  11. Qxd4 Qxd4  12. Nxd4
 Bc5  13. Rad1  Ke7
 14. Rfe1  Rd8  15. c3
 Rb8  16. b4  Bxd4
 17. Rxd4  Rxd4  18. cxd4
 Kd6  19. Rc1  Bd7
 20. f3  f5  21. Bd3
 Rc8  22. Rxc8 Bxc8  23. Kf2
 f4  24. g3  g5 
25. gxf4 gxf4  26. Bc4  e5  27.
dxe5+ Kxe5  28. Ke2  Kd4  29. Bf7
 Kc3  30. b5  Bd7
 31. a4  b6  32. Bd5
 Bf5  33. Be4  Be6
 34. Kf2  Bb3  35. Kg2
 Bxa4  36. Kh3  Bxb5
 37. Kg4  a5  38. Kxf4
 a4  0-1

[Event "CB Experts 2014"]
[Site "Charleroi"]
[Date "2014.07.06"]
[Round "2.2"]
[White "Van Der Stricht, Geert"]
[Black "Dgebuadze, Alexandre"]
[Result "1/2-1/2"]
[LiveChessVersion "1.4.3"]
[BlackElo "2487"]
[WhiteElo "2350"]

1. d4  e6  2. c4  Bb4+
 3. Bd2  Qe7  4. Nc3
 f5  5. g3  Nf6 
6. Bg2  O-O  7. Rc1  d6
 8. Nf3  Nbd7  9. O-O
 Nb6  10. Qb3  Bxc3
 11. Bxc3  Qe8  12. c5
 Nbd5  13. cxd6  cxd6
 14. Nd2  Qh5  15. e4
 fxe4  16. Nxe4  Nxe4
 17. Bxe4  b6  18. Bb4
 Ba6  19. Bxd6  Rf7
 20. Rfe1  Rd8  21. Ba3
 Nf6  22. Bf3  Ng4
 23. Bxg4  Qxg4  24. Qxe6
 Qxd4  25. Qe8+  Rf8
 26. Qe6+  Rf7  27. Qe8+
 Rf8  28. Qe6+  1/2-1/2

[Event "CB Experts 2014"]
[Site "Charleroi"]
[Date "2014.07.06"]
[Round "2.3"]
[White "Ringoir, Tanguy"]
[Black "Le Quang, Kim"]
[Result "1-0"]
[LiveChessVersion "1.4.3"]
[BlackElo "2288"]
[WhiteElo "2506"]

1. d4  Nf6  2. c4  g6
 3. Nc3  Bg7  4. e4
 d6  5. f3  O-O 
6. Be3  c5  7. Nge2  Qa5
 8. Nc1  cxd4  9. Nb3 Qh5 10.
Nxd4 Nc6 11. Be2 Nxd4 12. Bxd4  Qh4+ 13. g3 Qh3 14. Bf1 Qh5 15.
Bg2 Be6 16. b3 Nd7 17. O-O Bxd4+ 18. Qxd4 Qc5 19. Qxc5 Nxc5 20. f4 f6 21. e5 dxe5
22. fxe5 Rad8 23. exf6 exf6 24. Rae1 Kf7 25. Nb5 Rd7 26. Re3 a5 27. Rfe1 Rfd8 28.
Nc3 Rd3 29. Nd5 Rxe3 30. Rxe3 Bxd5 31. Bxd5+ Kf8 32. a3 Re8 33. Rf3 f5 34. b4
axb4 35. axb4 Na6 36. Bxb7 Nxb4 37. g4 Re7 38. Ba8 Re8 39. Bb7 Re7 40. Bc8 Nc6
41. gxf5 Nd4 42. Rf2 gxf5 43. Bxf5 Re1+ 44. Kg2 Kg7 45. Bd3 Re3 46. Bf1 Rc3 47.
Rd2 Ne6 48. Rd7+ Kg6 49. Kf2 Nf4 50. Rc7 h5 51. Rc8 Kf5 52. c5 Ke4 53. c6 Rc2+
54. Kg3 h4+ 55. Kxh4 Rxh2+ 56. Kg3 Rc2 57. Re8+ Kd4 58. Kxf4 Rxc6 59. Rd8+ Kc5
60. Ke5 Rh6 61. Be2 Kc6 62. Rc8+ Kb7 63. Rc1 Kb6 64. Kd5 Rg6 65. Bd3 Rg5+ 66. Kd6
Rg3 67. Rb1+ Ka5 68. Bc4 Ka4 69. Kc5 Ka3 70. Rb7 Rg4 71. Rb3+ Ka4 72. Rb2 Rg3 73.
Rb6 Ka3 74. Ra6+ Kb2 75. Ra2+ Kb1 76. Rf2 Kc1 77. Kd4 Kd1 78. Bd3 Ke1 79. Re2+
Kd1 80. Kc3 Rg7 81. Re3 Rg8 82. Bc2+ 1-0

[Event "CB Experts 2014"]
[Site "Charleroi"]
[Date "2014.07.06"]
[Round "2.4"]
[White "Beukema, Stefan"]
[Black "Hovhannisyan, Mher"]
[Result "0-1"]
[LiveChessVersion "1.4.3"]
[BlackElo "2513"]
[WhiteElo "2305"]

1. e4  e6  2. d4  d5
 3. Nc3  Bb4  4. e5
 c5  5. a3  Bxc3+
 6. bxc3  Qc7  7. Qg4
 Ne7  8. Qxg7  Rg8
 9. Qxh7  cxd4  10. Ne2
 dxc3  11. f4  Nbc6
 12. Qd3  d4  13. Nxd4
 Nxd4  14. Qxd4  Bd7
 15. Qf2  Nf5  16. Rb1
 Qc6  17. Rg1  Qe4+
 18. Qe2  Qd4  19. Qf2
 Qe4+  20. Qe2  Bc6
 21. Qxe4  Bxe4  22. Bd3
 Bxd3  23. cxd3  O-O-O
 24. Ke2  Rd5  25. Be3
 Rgd8  26. Rgd1  Kb8
 27. Rbc1  Rc8  28. Rc2
 Ra5  29. Ra1  Ne7
 30. h4  Nd5  31. h5
 Ra4  32. h6  Rh8
 33. Rh1  Rxa3  34. Bc5
 Ra4  35. g3  b5 
36. h7  b4  37. Bf8  Rxf8
 38. h8=Q  Rxh8  39. Rxh8+
 Kb7  40. Rh1  b3
 41. Rb1  Rb4  42. Rcc1
 a5  43. f5  a4 
44. Rh1  c2  45. Rbf1  b2
 46. fxe6 fxe6  47. Rh7+  Nc7
 0-1

[Event "CB Experts 2014"]
[Site "Charleroi"]
[Date "2014.07.06"]
[Round "2.5"]
[White "Geirnaert, Steven"]
[Black "Soors, Stef"]
[Result "1/2-1/2"]
[LiveChessVersion "1.4.3"]
[BlackElo "2391"]
[WhiteElo "2419"]

1. d4  Nf6  2. c4  e6
 3. Nc3  Bb4  4. e3
 O-O  5. Bd3  c5 
6. Nf3  Nc6  7. O-O  Bxc3
 8. bxc3  d6  9. Nd2
 e5  10. Re1  h6 
11. h3  b6  12. Rb1  Re8
 13. Qf3  Bd7  14. d5
 e4  15. Nxe4  Nxe4
 16. Bxe4  Ne5  17. Qe2
 Qh4  18. Bc2  Qxc4
 19. f4  Qxe2 20. Rxe2  Ng6
 21. e4  f5  22. g4
 fxe4  23. Rxe4  Rxe4
 24. Bxe4  Kf7  25. Bxg6+
 Kxg6  26. f5+  Kf6
 27. Bf4  Re8  28. Kf2
 Bc8  29. a4  Ba6
 30. a5  Re2+  31. Kf3
 bxa5  32. Bxd6  Rc2
 33. Ra1  Rxc3+  34. Kf4
 Rc4+  35. Kg3  a4
 36. Re1  a3  37. Re6+
 Kf7  38. Re7+  Kf6
 39. Re6+  Kf7  40. Be5
 Re4  41. d6  Bb5
 42. Re7+  Kg8  43. Rxg7+
 Kf8  44. Re7  Kg8
 45. Ba1  Rxe7  46. dxe7
 Kf7  47. f6  Ke6
 48. h4  Be8  49. h5
 a2  50. Kf4  Kf7
 51. Ke5  Ba4  52. Kd6
 Ke8  53. Ke5  Kf7
 54. Kf5  Bc2+  55. Kf4
 Bd1  56. Kg3  Bc2
 57. g5  hxg5  58. Kg4
 a5  59. Kxg5  Bd3
 60. Kh6  Be2  61. Be5
 a4  62. e8=Q+  Kxe8
 63. Kg6  a1=Q  64. Bxa1
 Kf8  65. h6  Bd3+
 66. Kg5  1/2-1/2

[Event "CB Experts 2014"]
[Site "Charleroi"]
[Date "2014.07.07"]
[Round "3.1"]
[White "Dgebuadze, Alexandre"]
[Black "Ringoir, Tanguy"]
[Result "1/2-1/2"]
[LiveChessVersion "1.4.3"]
[BlackElo "2506"]
[WhiteElo "2487"]

1. d4  f5  2. g3  Nf6
 3. Bg2  g6  4. Nh3
 Bg7  5. Nf4  Nc6
 6. h4  e5  7. dxe5
 Nxe5  8. Nc3  c6
 9. Nd3  Nxd3+  10. cxd3
 d5  11. d4  O-O 
12. Bg5  Qb6  13. Qd2  Ne4
 14. Nxe4  fxe4  15. Be3
 Bg4  16. Bh3  Bxh3
 17. Rxh3  c5  18. dxc5
 Qe6  19. Rh2  d4
 20. Bxd4  Rad8  21. e3
 Bxd4  22. exd4  Rf3
 23. h5  e3  24. fxe3
 Rxe3+  25. Re2  Re4
 26. hxg6  hxg6  1/2-1/2

[Event "CB Experts 2014"]
[Site "Charleroi"]
[Date "2014.07.07"]
[Round "3.2"]
[White "Hovhannisyan, Mher"]
[Black "Geirnaert, Steven"]
[Result "1-0"]
[LiveChessVersion "1.4.3"]
[BlackElo "2419"]
[WhiteElo "2513"]

1. Nf3  Nf6  2. g3  d5
 3. Bg2  c6  4. O-O
 h6  5. d3  Bf5 
6. c4  e6  7. cxd5  exd5
 8. Nc3  Be7  9. Nd4
 Bh7  10. e4  O-O
 11. Re1  dxe4  12. dxe4
 Bc5  13. Be3  Nbd7
 14. e5  Nxe5  15. Nxc6
 Qxd1  16. Raxd1  Bxe3
 17. Nxe5  Bc5  18. Nd5
 Bf5  19. Rc1  Bd6
 20. Nc4  Nxd5  21. Nxd6
 Be6  22. Red1  Nb6
 23. Bxb7  Rab8  24. b3
 Rfd8  25. Bf3  a5
 26. Nb7  Rxd1+  27. Rxd1
 a4  28. Nc5  axb3
 29. axb3  Kf8  30. Nxe6+
 fxe6  31. Bg4  e5
 32. Rd6  Na8  33. Rc6
 Ke7  34. Rc8  Rxc8
 35. Bxc8  Kd6  36. Kg2
 Nb6  37. Bf5  Nd5
 38. Kf3  Nc3  39. Ke3
 Kc5  40. Kd3  Kb4
 41. Be6  g5  42. h4
 gxh4  43. gxh4  e4+
 44. Kd4  h5  45. Bf7
 Nd1  46. Bxh5  Nxf2
 47. Bf7  Ng4  48. Kxe4
 1-0

[Event "CB Experts 2014"]
[Site "Charleroi"]
[Date "2014.07.07"]
[Round "3.3"]
[White "Le Quang, Kim"]
[Black "Beukema, Stefan"]
[Result "0-1"]
[LiveChessVersion "1.4.3"]
[BlackElo "2305"]
[WhiteElo "2288"]

1. e4  e5  2. Nf3  Nc6
 3. Bc4  Bc5  4. c3
 Nf6  5. d3  d6 
6. Bb3  a6  7. h3  Be6
 8. Nbd2  Qd7  9. Ng5
 Bxb3  10. axb3  O-O
 11. b4  Ba7  12. Nf1
 d5  13. Qe2  h6 
14. Nf3  Nh5  15. g4  Nf4
 16. Bxf4  exf4  17. O-O-O
 Rfe8  18. N1d2  Qe6
 19. g5  h5  20. g6
 fxg6  21. Rdg1  Qf6
 22. Rg5  d4  23. Kc2
 Qf7  24. Nb3  dxc3
 25. bxc3  a5  26. Rhg1
 axb4  27. Rxg6  Bd4
 28. Nfxd4  Nxd4+  29. Nxd4
 Qa2+ 0-1

[Event "CB Experts 2014"]
[Site "Charleroi"]
[Date "2014.07.07"]
[Round "3.4"]
[White "Soors, Stef"]
[Black "Sadikhov, Ulvi"]
[Result "0-1"]
[LiveChessVersion "1.4.3"]
[BlackElo "2335"]
[WhiteElo "2391"]

1. e4  c5  2. c3  d6
 3. d4  Nf6  4. f3
 Qc7  5. Be3  Nbd7
 6. Qd2  g6  7. Ne2
 Bg7  8. g4  e5 
9. d5  h5  10. g5  Ng8
 11. c4  h4  12. Nbc3
 a6  13. Nc1  f6 
14. Nd3  f5  15. a3  f4
 16. Bf2  h3  17. b4
 b6  18. Rb1  Bf8
 19. a4  a5  20. Nb5
 Qd8  21. bxc5  bxc5
 22. Nxc5  Nxc5  23. Bxc5
 dxc5  24. d6  Be6
 25. Nc7+  Kf7  26. Rb7
 Qd7  27. Qb2  Rb8
 28. Nxe6  Rxb7  29. Qxb7
 Qxb7  30. Nd8+  Ke8
 31. Nxb7  Rh7  32. Nxc5
 Bxd6  33. Nb3  Rb7
 34. c5  Rxb3  35. cxd6
 Kd7  36. Bxh3+  Kxd6
 37. O-O  Ne7  38. Rd1+
 Kc5  39. Rc1+  Kd6
 40. Rd1+  Kc5  41. Bg4
 Nc6  42. Rd5+  Kb4
 43. Rd6 Nd4 44. Rxg6 Kc3 45. Rg8 Kd3 46. Kg2 Ke3 47. Re8 Rb2+
48. Kh3 Kf2 49. Rxe5 Kg1 50. Kh4 Rxh2+ 51. Bh3 Nxf3+ 52. Kg4 Nxe5+ 53. Kxf4 Nd3+
54. Kg3 Nc5 55. Bf5 Nxa4 56. g6 Rg2+ 57. Kf4 Nc5 58. e5 a4 59. e6 Nxe6+ 60. Bxe6
Rxg6 61. Bd5 a3 62. Ke3 Rg2 0-1

[Event "CB Experts 2014"]
[Site "Charleroi"]
[Date "2014.07.07"]
[Round "3.5"]
[White "Malakhatko, Vadim"]
[Black "Van Der Stricht, Geert"]
[Result "0-1"]
[LiveChessVersion "1.4.3"]
[BlackElo "2350"]
[WhiteElo "2560"]

1. c4  c6  2. Nf3  d5
 3. e3  Nf6  4. Nc3
 Bg4  5. h3  Bh5 
6. Qb3  Qb6  7. g4  Bg6
 8. g5  Ne4  9. cxd5
 Nxc3  10. bxc3  Be4
 11. Be2  Bxd5  12. c4
 Be4  13. d3  Bxf3
 14. Bxf3  Nd7  15. Ke2
 e5  16. Rb1  Be7
 17. h4  O-O  18. Bg4
 Nc5  19. Qc2  Qa6
 20. Bd2  f5  21. gxf6
 Rxf6  22. Bb4  Raf8
 23. Rh2  Bd6  24. Bxc5
 Bxc5  25. Rg2  Kh8
 26. h5  b5  27. cxb5
 cxb5  28. Rbg1  Qd6
 29. Qb3  a5  30. Bh3
 a4  31. Qxb5  Qd5
 32. Kd1  Rb6  33. Qd7
 Rb1+  0-1

[Event "CB Experts 2014"]
[Site "Charleroi"]
[Date "2014.07.08"]
[Round "4.1"]
[White "Soors, Stef"]
[Black "Hovhannisyan, Mher"]
[Result "0-1"]
[LiveChessVersion "1.4.3"]
[BlackElo "2513"]
[WhiteElo "2391"]

1. e4  e6  2. d4  d5
 3. Nd2  Be7  4. e5
 Nh6  5. Ndf3  c5
 6. c3  cxd4  7. cxd4
 Nf5  8. Bd3  Nc6
 9. Ne2  Qb6  10. O-O
 h6  11. Bxf5  exf5
 12. Nf4  Be6  13. Nh5
 Kf8  14. h4  g5 
15. Nf6  g4  16. Ne1  Qxd4
 17. Nd3  Nxe5  18. Nxe5
 Qxd1  19. Ned7+  Kg7
 20. Rxd1  Bxf6  21. Nxf6
 Kxf6  22. Be3  Kg6
 23. Kh2  Rhc8  24. Kg3
 h5  25. Kf4  Rc4+
 26. Bd4  Rac8  27. Rd3
 Rc2  28. Rad1  Re2
 29. Kg3  Rcc2  30. Rb3
 b6  31. Rdd3  Re4
 32. Ra3  f4+  33. Kh2
 g3+  34. fxg3  f3
 0-1

[Event "CB Experts 2014"]
[Site "Charleroi"]
[Date "2014.07.08"]
[Round "4.2"]
[White "Ringoir, Tanguy"]
[Black "Malakhatko, Vadim"]
[Result "1-0"]
[LiveChessVersion "1.4.3"]
[BlackElo "2560"]
[WhiteElo "2506"]

1. d4  e6  2. c4  Bb4+
 3. Nc3  c5  4. e3
 Nf6  5. Nge2  b6
 6. a3  Ba5  7. Rb1
 Na6  8. g3  Bb7 
9. d5  b5  10. Bg2  b4
 11. axb4  cxb4  12. Nb5
 Qb6  13. O-O  e5
 14. f4  e4  15. Ned4
 Nc5  16. Nf5  O-O
 17. Nbd6  Ba6  18. b3
 Nd3  19. Ra1  g6
 20. Nd4  Qxd6  21. Rxa5
 Nxc1  22. Qxc1  Bb7
 23. Qd2  a6  24. Ra4
 a5  25. Nb5  Qb6
 26. Qd4  Nxd5  27. Bxe4
 1-0

[Event "CB Experts 2014"]
[Site "Charleroi"]
[Date "2014.07.08"]
[Round "4.3"]
[White "Beukema, Stefan"]
[Black "Dgebuadze, Alexandre"]
[Result "1-0"]
[LiveChessVersion "1.4.3"]
[BlackElo "2487"]
[WhiteElo "2305"]

1. e4  e6  2. d4  d5
 3. Nc3  Bb4  4. e5
 c5  5. a3  Bxc3+
 6. bxc3  Qa5  7. Bd2
 Qa4  8. Qg4  g6 
9. Qd1  Nc6  10. Nf3  c4
 11. h4  h6  12. Nh2
 Bd7  13. h5  g5 
14. Ng4  O-O-O  15. f4  gxf4
 16. Bxf4  Rf8  17. Be2
 f6  18. exf6  Nxf6
 19. Nxf6  Rxf6  20. O-O
 Qa5  21. Qd2  Qd8
 22. Rf2  Qe7  23. Raf1
 Qh7  24. Bg3  Rxf2
 25. Rxf2  Qg7  26. Qf4
 e5  27. dxe5  Re8
 28. Bh2  Rxe5  29. Qf8+
 Qxf8  30. Rxf8+  Re8
 31. Rxe8+  Bxe8  32. Bf4
 d4  33. Bxh6  d3
 34. cxd3  cxd3  35. Bg4+
 Bd7  36. Bxd7+  Kxd7
 37. Bf4  Ke6  38. Kf2
 Ne7  39. g4  Nd5
 40. Bd2  b5  41. h6
 Kf7  42. Kf3  Nb6
 43. Ke4  Nc4  44. Kxd3
 Nxa3  45. Kd4  Nc4
 46. Bc1  a6  47. g5
 Kg6  48. Kc5  Kh7
 49. Kc6  Kg6  50. Bf4
 Nb2  51. Kd5  Nd3
 52. Bd6  Nf2  53. Bc5
 Ng4  54. Bd4  a5
 55. Kc5  b4  56. c4
 Nh2  57. Kd5  Nf3
 58. c5  b3  59. Bb2
 Nh4  60. c6 Nf5 61. Ke6 1-0

[Event "CB Experts 2014"]
[Site "Charleroi"]
[Date "2014.07.08"]
[Round "4.4"]
[White "Geirnaert, Steven"]
[Black "Le Quang, Kim"]
[Result "0-1"]
[LiveChessVersion "1.4.3"]
[BlackElo "2288"]
[WhiteElo "2419"]

1. d4  Nf6  2. c4  g6
 3. f3  Bg7  4. e4
 d6  5. Nc3  O-O 
6. Be3  c5  7. Nge2  Qa5
 8. Nc1  cxd4  9. Nb3
 Qh5  10. Nxd4  Nc6
 11. Qd2  Nxd4  12. Bxd4
 Be6  13. Be2  Rfc8
 14. b3  Nd7  15. f4
 Qa5  16. O-O  Bxd4+
 17. Qxd4  f6  18. Kh1
 a6  19. Nd5  Bxd5
 20. exd5  Rc7  21. Qe3
 Nf8  22. f5  Kg7
 23. Rf3  b5  24. fxg6
 hxg6  25. Rh3  bxc4
 26. Qh6+  Kf7  27. Bxc4
 Qc5  28. Qh8  Ke8
 29. Re1  Kd7  30. Bxa6
 Re8  31. Bc4  Kd8
 32. Qg7  Qf2  33. Rhe3
 e5  34. Qg8  Ne6
 35. Qxg6  Rg7  36. Qe4
 Ng5  37. Qg4  Rh8
 38. h3  Nxh3  39. Qxg7
 Qg1+ 40. Rxg1  Nf2#  0-1

[Event "CB Experts 2014"]
[Site "Charleroi"]
[Date "2014.07.08"]
[Round "4.5"]
[White "Sadikhov, Ulvi"]
[Black "Van Der Stricht, Geert"]
[Result "1/2-1/2"]
[LiveChessVersion "1.4.3"]
[BlackElo "2350"]
[WhiteElo "2335"]

1. e4  c5  2. Nf3  d6
 3. d4  cxd4  4. Nxd4
 Nf6  5. f3  Nc6 
6. c4  e6  7. Nc3  Be7
 8. Be3  O-O  9. Be2
 d5  10. exd5  exd5
 11. Nxc6  bxc6  12. O-O
 Be6  13. cxd5  Nxd5
 14. Nxd5  cxd5  15. Bd4
 Bf6  16. f4  Bf5
 17. Bxf6  Qxf6  18. Qxd5
 Rad8  19. Qe5  Rd2
 20. Qxf6  gxf6  21. Rf2
 1/2-1/2

[Event "CB Experts 2014"]
[Site "Charleroi"]
[Date "2014.07.09"]
[Round "5.1"]
[White "Dgebuadze, Alexandre"]
[Black "Geirnaert, Steven"]
[Result "0-1"]
[LiveChessVersion "1.4.3"]
[BlackElo "2419"]
[WhiteElo "2487"]

1. e4  e5  2. Bc4  Nf6
 3. d3  c6  4. Nf3
 d5  5. Bb3  Bb4+
 6. c3  Bd6  7. Nbd2
 O-O  8. O-O  Re8
 9. Re1  Nbd7  10. Nf1
 h6  11. Ng3  Nf8
 12. h3  Ng6  13. Be3
 Be6  14. Qc2  Qd7
 15. Kh2  a6  16. c4
 d4  17. Bd2  c5 
18. Ba4  b5  19. Bb3  Rec8
 20. cxb5  c4  21. Bxc4
 Bxc4  22. dxc4  axb5
 23. b3  bxc4  24. bxc4
 Qa4  25. Qb3  Rxc4
 26. Nf5  Bf8  27. Qd3
 Rc2  28. Re2  Nd7
 29. Ne1  Rb2  30. Qf3
 Nc5  31. h4  Qa6
 32. h5  Nf4  33. Nxh6+
 gxh6  34. Qg4+  Bg7
 0-1

[Event "CB Experts 2014"]
[Site "Charleroi"]
[Date "2014.07.09"]
[Round "5.2"]
[White "Le Quang, Kim"]
[Black "Soors, Stef"]
[Result "0-1"]
[LiveChessVersion "1.4.3"]
[BlackElo "2391"]
[WhiteElo "2288"]

1. c4  e5  2. g3  Nc6
 3. Nc3  Bc5  4. Bg2
 a6  5. Nf3  d6 
6. d3  h6  7. O-O  Nf6
 8. a3  O-O  9. b4
 Ba7  10. Bb2  Nd4
 11. Nd2  c6  12. Rc1
 Re8  13. e3  Nf5
 14. Re1  Ne7  15. Nce4
 Nxe4  16. dxe4  Ng6
 17. Qe2  Be6  18. Red1
 Qe7  19. Bf3  Rac8
 20. Kh1  Nf8  21. Bg4
 Nd7  22. Nb3  Nf6
 23. Bxe6  Qxe6  24. Qf3
 g6  25. Kg2  Kg7
 26. Rd3  h5  27. h3
 Rc7  28. Rcd1  Rd7
 29. Na5  Red8  30. b5
 cxb5  31. cxb5  Bb6
 32. Bc3  axb5  33. Kh2
 Rc8  34. Bb4  Bxa5
 35. Rxd6  Rxd6  36. Rxd6
 Qe7  37. Rc6  Bxb4
 38. Rxc8  Bxa3  39. Qd1
 Bd6  40. Qd3  b4
 41. Kg2  Qe6  42. Rc2
 Be7  43. Rc7  b6
 44. Rb7  b3  45. Qb5
 Bc5  46. Kf3  Nxe4
 47. Kxe4  Qf5+  48. Kd5
 Qf3+  49. e4  Qd1+
 0-1

[Event "CB Experts 2014"]
[Site "Charleroi"]
[Date "2014.07.09"]
[Round "5.3"]
[White "Malakhatko, Vadim"]
[Black "Beukema, Stefan"]
[Result "1-0"]
[LiveChessVersion "1.4.3"]
[BlackElo "2305"]
[WhiteElo "2560"]

1. d4  f5  2. Nc3  Nf6
 3. Bg5  d5  4. Bxf6
 exf6  5. e3  Be6
 6. Qf3  Qd7  7. Bb5
 Nc6  8. Nge2  a6
 9. Ba4  g5  10. O-O
 h5  11. Nc1  O-O-O
 12. Nd3  b6  13. a3
 Qd6  14. b4  Nb8
 15. Bb3  c6  16. Na4
 Qc7  17. Qe2  f4
 18. exf4  Bg4  19. f3
 Bf5  20. fxg5  Bd6
 21. gxf6  Bxh2+  22. Kh1
 Bg3  23. f4  h4 
24. Qe5  Be4  25. Nc3  Bxg2+
 26. Kxg2  Qd7  27. Qe7
 Qf5  28. f7  Nd7
 29. Qg5  Qxf7  30. Ne5
 Qe8  31. Qg6  Rg8
 32. Qxc6+  Kb8  33. Bxd5
 Nxe5  34. Qb7#  1-0

[Event "CB Experts 2014"]
[Site "Charleroi"]
[Date "2014.07.09"]
[Round "5.4"]
[White "Hovhannisyan, Mher"]
[Black "Sadikhov, Ulvi"]
[Result "1-0"]
[LiveChessVersion "1.4.3"]
[BlackElo "2335"]
[WhiteElo "2513"]

1. Nf3  Nf6  2. g3  b5
 3. Bg2  Bb7  4. O-O
 e6  5. d3  Be7 
6. e4  d5  7. e5  Nfd7
 8. h4  c5  9. Re1
 Nc6  10. Bf4  h6
 11. h5  g5  12. hxg6
 fxg6  13. c4  g5
 14. cxd5  gxf4  15. dxc6
 Bxc6  16. Nd4  cxd4
 17. Bxc6  h5  18. Bxa8
 Qxa8  19. Nd2  fxg3
 20. fxg3  Bg5  21. Qf3
 Ke7  22. Qxa8  Rxa8
 23. Nf3  Be3+  24. Kg2
 Rc8  25. Re2  Rc5
 26. Rh1  Nxe5  27. b4
 Nxf3  28. bxc5  Ne5
 29. Rxh5  Nxd3  30. Rh7+
 Kd8  31. Rxe3  dxe3
 32. Kf3  Nxc5  33. Rxa7
 1-0

[Event "CB Experts 2014"]
[Site "Charleroi"]
[Date "2014.07.09"]
[Round "5.5"]
[White "Van Der Stricht, Geert"]
[Black "Ringoir, Tanguy"]
[Result "1/2-1/2"]
[LiveChessVersion "1.4.3"]
[BlackElo "2506"]
[WhiteElo "2350"]

1. d4  f5  2. g3  Nf6
 3. Bg2  g6  4. Nf3
 Bg7  5. O-O  O-O
 6. c4  c6  7. Nc3
 d6  8. d5  Bd7 
9. Rb1  Na6  10. b4  c5
 11. b5  Nc7  12. e4
 e5  13. dxe6  Bxe6
 14. Ng5  Bxc4  15. exf5
 gxf5  16. Bxb7  Rb8
 17. Bc6  h6  18. Nf3
 Ne4  19. Nxe4  fxe4
 20. Bxe4  Bxf1  21. Kxf1
 d5  22. Bc2  c4 
23. Nd4  Qf6  24. Be3  Ne6
 25. Nxe6  Qxe6  26. Bd4
 Rbe8  27. Kg1  Rf7
 28. a4  Bxd4  29. Qxd4
 Qb6  30. Qg4+  Kh8
 31. Rf1  Qf6  32. Kg2
 d4  33. Be4  Rg7
 34. Qe2  Qf4  35. f3
 d3  36. Qb2  Qe3
 37. Qf6  d2  38. Bc2
 Qg5  39. Qc6  Re2+
 40. Rf2  Qe3  41. Rxe2
 Qxe2+  42. Kh3  d1=Q
 43. Bxd1  Qxd1  44. Qe8+
 Rg8  45. Qe5+  Kh7
 46. Qe7+  Kh8  47. Qe5+
 Kh7  48. Qe7+  Kh8
 1/2-1/2

[Event "CB Experts 2014"]
[Site "Charleroi"]
[Date "2014.07.10"]
[Round "6.1"]
[White "Beukema, Stefan"]
[Black "Van Der Stricht, Geert"]
[Result "1/2-1/2"]
[LiveChessVersion "1.4.3"]
[BlackElo "2350"]
[WhiteElo "2305"]

1. e4  c5  2. Nf3  d6
 3. d4  cxd4  4. Nxd4
 Nf6  5. Nc3  a6 
6. Be3  e5  7. Nb3  Be7
 8. h3  O-O  9. Qf3
 b5  10. O-O-O  b4
 11. Na4  Nbd7  12. Bc4
 Bb7  13. Nd2  Bc6
 14. b3  Qc7  15. Rhe1
 Qb7  16. Qg3  Nxe4
 17. Nxe4  Bxe4  18. Bg5
 Bxg5+  19. Qxg5  Bc6
 20. Rxd6  Bxa4  21. Re3
 Kh8  22. Rg3  g6
 23. Rxd7  1/2-1/2